00488nam a2200205Ia 4500008004100000041001200041082000800053082001100061100001600072100001700088100001100105245004100116260001200157260002500169260000900194300001500203365002500218650001800243650002100261150901s9999 xx 000 0 und d aEnglish a632 bVAR/FO aEvans M G  aVarnam A H  eAuthor aFoodborne pathogens : an illustrated aEngland bWolfe Publishing Ltd c1991 a557 Pages aRs.185  aPlant disease aPlant pathology